| 000 | 00713nam a22001577a 4500 | ||
|---|---|---|---|
| 003 | OSt | ||
| 005 | 20221125152827.0 | ||
| 008 | 151024b xxu||||| |||| 00| 0 eng d | ||
| 040 | _cRUA | ||
| 082 | _aAVM DAS 2013 B543 Or.1 | ||
| 100 |
_92743 _aDY, SYDOEURN. |
||
| 245 | _astudy on prevalence of gastrointestinal parasites of cattle in phom tamao cattle experiment station (ការសិក្សាពីកម្រិតរាលដាលនៃបរាសិតនៅក្នុងក្រពះពោះវៀនគោ នៅស្ថានីយ៍ពិសោធន៍ពូជគោភ្នំតាម៉ៅ) | ||
| 260 |
_aPhnom Penh _bRUA _c2013 |
||
| 300 |
_axi, 39p. _bill. _c29cm. |
||
| 942 |
_2ddc _cAVM |
||
| 999 |
_c2566 _d2566 |
||